| 000 | 00715nam a22002537a 4500 | ||
|---|---|---|---|
| 003 | UA-OsUOA | ||
| 001 | 61883 | ||
| 007 | ta | ||
| 008 | 20090717b un ||||| |||| 00| 0 ukr d | ||
| 100 | _aГаубер-Швенк Г. | ||
| 700 | _aШвенк М. | ||
| 090 |
_a612.3 (613.2 (100) _bГ24 |
||
| 942 | _cBK | ||
| 040 |
_aUA-OsUOA _bukr _cUA-OsUOA _dUA-OsUOA |
||
| 245 | _aХарчування | ||
| 300 | _a183 с. | ||
| 955 | _a2 | ||
| 041 | _aukr | ||
| 080 | _a612.3 (613.2 (100) | ||
| 020 | _a966-7767-65-5 | ||
| 260 |
_aК. _bЗнання-Прес _c2004 |
||
| 650 | 7 |
_a612 Фізіологія. Фізіологія людини та порівняльна фізіологія _2UDC |
|
| 999 |
_c347770 _d347770 |
||